zpět

Detail výsledku týmu

KUPE, Opava

Datum a čas kvízu

27.5 Celkem bodů Celkový počet nahraných bodů na tomto kvízu bez doplňovacích otázek.
4. Pořadí na kvízu Konečné umístění týmu na tomto kvízu.

Zaznamenané odpovědi

# Otázka Odpověď Body Výsledky
1. Při úřadu vlády vznikne komise... Ďáblický hřbitov 0
2. V Kuvajtu byla v pondělí novin... Byla vytvořena pomocí umělé inteligence. 1
3. Agáta Prachařová povila minulý... Rozárie 1
4. Ve které zemi byl minulý týden... ve Finsku 1
5. Šestý zápas mimořádně zajímavé... ve 4. prodloužení 1
6. Pokračujeme představováním fil... Liam Neeson 1
7. Sedmý film žebříčku byl natoče... Mario Puzo, Corleone 0.5
8. Jak se jmenuje film na osmém m... Dvanáct rozhněvaných mužů 0
9. Film Nedotknutelní byl natočen... Francie 1
10. Napište název sbírky povídek s... Hovno hoří 1